logo

Bir Sreshtho Munshi Abdur Rouf Library
Jhenaidah Cadet College

The business of criticism / (Record no. 9479)

MARC details
000 -LEADER
fixed length control field 00571cam a22002171 4500
003 - CONTROL NUMBER IDENTIFIER
JCCL marc code BD-JhCC
005 - DATE AND TIME OF LATEST TRANSACTION
control field 20180315100157.0
008 - FIXED-LENGTH DATA ELEMENTS--GENERAL INFORMATION
fixed length control field 180315s1959 enk 000 0 eng
035 ## - SYSTEM CONTROL NUMBER
system control number (BD-JhCC)
035 ## - SYSTEM CONTROL NUMBER
system control number (OCoLC)325762
040 ## - CATALOGING SOURCE
Original cataloging agency DLC
Transcribing agency ODaWU
Modifying agency OCoLC
-- Uk
-- DLC
041 ## - LANGUAGE CODE
Language code of Book eng
050 00 - LIBRARY OF CONGRESS CALL NUMBER
Classification number PN85
Item number .G33
082 ## - DEWEY DECIMAL CLASSIFICATION NUMBER
Classification number 801.9
Author mark and Year GAR 1959
100 1# - MAIN ENTRY--PERSONAL NAME
Personal name Gardner, Helen,
Dates associated with a name 1908-1986.
245 14 - TITLE STATEMENT
Title The business of criticism /
Statement of responsibility, etc Helen Gardner,
260 ## - PUBLICATION, DISTRIBUTION, ETC. (IMPRINT)
Place of publication, distribution, etc Oxford,
Name of publisher, distributor, etc Clarendon Press,
Date of publication, distribution, etc 1959.
300 ## - PHYSICAL DESCRIPTION
Pagination 157 p. :
Dimensions 19 cm.
650 #0 - SUBJECT ADDED ENTRY--TOPICAL TERM
Topical term or geographic name as entry element Criticism.
942 ## - ADDED ENTRY ELEMENTS (KOHA)
Source of classification or shelving scheme Dewey Decimal Classification
Koha item type Books
Holdings
Source of classification or shelving scheme Damaged status Not for loan Home library Current library Shelving location Date of accession Total Checkouts Full call number Barcode Date last seen Copy number Koha item type
Dewey Decimal Classification     JCC Rouf Library JCC Rouf Library General Stacks 03/15/2018   801.9 GAR 1959 12438 03/15/2018 C-1 Books

JCC Library | Contacts | JCC Home

Last Update on 23 September 2017
Copyright @ 2017-2020 JCC Rouf Library
Rouf Library, Jhenidah Cadet College (JCC), Bangladesh